LEADER 00840nam a2200217 i 4500 001 000000165783 003 CaOOAMICUS 005 20160126000000.0 008 160126s1902 it u000 u fre u 013 $a143151 040 $aSeMil$bita 100 1 $aSchuré, Édouard <1841-1929>.$0(OLS)http://semarc/name/22762 245 10$aHistoire du drame musical /$cpar Édouard Schuré. 250 $a4. Éd. 260 $aParis :$bPerrin & Cie,$c1902. 300 $aXVIII, 276 p., [1] p. di tav. :$bill. ;$c19 cm. 650 4$aDramma musicale - Storia.$0(OLS)http://semarc/subject/31451 850 $aSeMil 852 $aSeMil$W1$xVenegono$y1$m3Q I 32 ^$j116960$B116960$CSeMilBibl$Z2$F128797 $81 996 $6245$aHistoire du drame musical$9(OLS)http://semarc/title/236718 996 $6260$aParis :$bPerrin & Cie$9(OLS)http://semarc/publisher/38196 LEADER 01265nam a2200289 i 4500 001 000000171678 003 CaOOAMICUS 005 20130628000000.0 008 130628s2006 it u000 u ita u 013 $a149110 020 $a88-15-11505-6 040 $aSeMil$bita 100 1 $aGalavotti, Enrico,$d<1971- >.$0(OLS)http://semarc/name/2247 245 13$aIl giovane Dossetti :$bgli anni della formazione : 1913-1939 /$cEnrico Galavotti. 260 $aBologna :$bIl Mulino,$ccopyr. 2006. 300 $a250 p. ;$c21 cm. 490 0 $aTesti e ricerche di scienze religiose. N.s. ;$v38 500 $aContiene : Appendice. - Fondo card. C.M. Martini. 600 14$aDossetti, Giuseppe <1913-1996>.$0(OLS)http://semarc/subject/3977 830 0$aTesti e ricerche di scienze religiose. Nuova serie ;$v38.$0(OLS)http://semarc/title/1562 850 $aSeMil 852 $aSeMil$W1$xVenegono$y1$m3J III 352$j122543$B122543$CSeMilBibl$Z2$F134828 $81 941 1 $a4 961 $aLascito: Martini Card. Carlo Maria 996 $6020$a88-15-11505-6$9(OLS)http://semarc/number/158846 996 $6245$aIl giovane Dossetti :$bgli anni della formazione : 1913-1939$9(OLS)http://semarc/title/245645 996 $6260$aBologna :$bIl Mulino$9(OLS)http://semarc/publisher/29842